000 00573nam a2200181Ia 4500
008 090124s9999 xx 000 0 und d
082 _b18714
100 _aगांगल वसंत
245 _a सागरा अगस्ति आला !
250 _a1
260 _bरंजन प्रकाशन
_c1977
300 _a188
600 _aगांगल वसंत
630 _a सागरा अगस्ति आला !
700 _aगांगल वसंत
730 _a सागरा अगस्ति आला !
942 _cBOOK
999 _c89701
_d89701